000 00491nam a2200145Ia 4500
008 100122s9999 xx 000 0 und d
082 _b20912
_a823
100 _aकाकोडकर चंद्रकांत
245 _aगोषातील सुंदरी
260 _bमॅजेस्टिक बुक स्टॉल
_c1974
300 _a158
630 _aगोषातील सुंदरी
730 _aगोषातील सुंदरी
942 _cBOOK
999 _c409211
_d409208